Music Quiz

Random Music or Video Games Quiz
Score 0/283 Timer 08:00
0 Plays Today
% Correct
A
92.9%
In
89.3%
the
89.3%
in
89.3%
the
89.3%
In
89.3%
the
89.3%
in
89.3%
the
89.3%
the
89.3%
The
89.3%
the
89.3%
the
89.3%
the
89.3%
In
89.3%
the
89.3%
in
89.3%
the
89.3%
In
89.3%
the
89.3%
in
89.3%
the
89.3%
the
89.3%
the
89.3%
the
89.3%
in...
89.3%
the
89.3%
the
89.3%
I
89.3%
I
89.3%
In
89.3%
the
89.3%
in
89.3%
the
89.3%
In
89.3%
the
89.3%
in
89.3%
the
89.3%
the
89.3%
the
89.3%
the
89.3%
the
89.3%
in...
89.3%
In
89.3%
the
89.3%
in
89.3%
the
89.3%
I
89.3%
I
89.3%
In
89.3%
the
89.3%
in
89.3%
the
89.3%
I
89.3%
the
89.3%
in
89.3%
the
89.3%
In
89.3%
the
89.3%
in
89.3%
the
89.3%
In
89.3%
the
89.3%
in
89.3%
the
89.3%
free.
85.7%
Free
85.7%
to
85.7%
to
85.7%
free,
85.7%
free
85.7%
Free
85.7%
to
85.7%
free,
85.7%
To
85.7%
free,
85.7%
to
85.7%
free.
85.7%
Free
85.7%
to
85.7%
free,
85.7%
free.
85.7%
free!
85.7%
Free!
85.7%
free
85.7%
Free
85.7%
to
85.7%
to
85.7%
free,
85.7%
free,
85.7%
free.
85.7%
Free
85.7%
to
85.7%
free,
85.7%
free.
85.7%
% Correct
free
85.7%
Free
85.7%
to
85.7%
free
85.7%
Free
85.7%
to
85.7%
free!
85.7%
be
83.9%
me.
83.9%
be
83.9%
me.
83.9%
be
83.9%
me
83.9%
me.
83.9%
be
83.9%
me.
83.9%
be
83.9%
me
83.9%
me.
83.9%
be
83.9%
me
83.9%
be
83.9%
me
83.9%
be
83.9%
me
83.9%
wind,
82.1%
wind.
82.1%
wind,
82.1%
wind.
82.1%
you.
82.1%
you,
82.1%
wind,
82.1%
wind.
82.1%
wind,
82.1%
wind.
82.1%
you
82.1%
wind,
82.1%
wind.
82.1%
wind,
82.1%
wind.
82.1%
you
82.1%
wind,
82.1%
wind.
82.1%
wind,
82.1%
wind.
82.1%
wind.
82.1%
wind.
82.1%
wind,
82.1%
wind
82.1%
I'm
80.4%
I'm
80.4%
I'm
80.4%
I'm
80.4%
I'm
80.4%
I'm
80.4%
I'm
80.4%
I'm
80.4%
I'm
80.4%
I'm
80.4%
I'm
80.4%
I'm
80.4%
it
78.6%
it
78.6%
it
78.6%
fallin'
76.8%
fallin'
76.8%
fallin'
76.8%
fallin'
76.8%
fallin'
76.8%
fallin'
76.8%
What
75%
Speed
75%
Into
75%
into
75%
Into
75%
ever
75%
so
75%
so
75%
Into
75%
into
75%
Into
75%
ever
75%
so
75%
so
75%
What
75%
speed
75%
Into
75%
Into
75%
Into
75%
ever
75%
so
75%
so
75%
would
73.2%
and
73.2%
and
73.2%
% Correct
knowin'
73.2%
and...
73.2%
And
73.2%
knowin'
73.2%
and...
73.2%
would
73.2%
And
73.2%
knowin'
73.2%
and
73.2%
feel
71.4%
of
69.6%
no
69.6%
Of
69.6%
like
67.9%
light
67.9%
Felt
67.9%
felt
67.9%
Felt
67.9%
felt
67.9%
Felt
67.9%
felt
67.9%
now,
64.3%
out
64.3%
your
64.3%
your
64.3%
now,
64.3%
out
64.3%
now,
64.3%
out
64.3%
night
60.7%
day?
60.7%
but
60.7%
But
60.7%
breakin'
60.7%
But
60.7%
breakin'
60.7%
for
60.7%
But
60.7%
breakin'
60.7%
with
58.9%
am
58.9%
am
58.9%
take
58.9%
make
58.9%
am
58.9%
am
58.9%
rule
57.1%
constrained.
57.1%
run
57.1%
constrained,
57.1%
transition.
57.1%
constrained,
57.1%
as
55.4%
can't
53.6%
had
53.6%
fun
53.6%
walk
51.8%
or
51.8%
simple
51.8%
up.
50%
borrow,
50%
steal
50%
deal
50%
which
50%
is
50%
very
50%
unknown
50%
they
48.2%
keep
48.2%
Beg,
48.2%
you've
48.2%
certain.
48.2%
known,
48.2%
by
46.4%
just
46.4%
made
46.4%
hesitation.
46.4%
passes
44.6%
Crawl,
44.6%
Watch
42.9%
temptation.
42.9%
try
41.1%
ashamed.
41.1%
refrained,
37.5%
wild
35.7%
from
33.9%
this
33.9%
masses
32.1%
livin'
30.4%
feed
25%
been
19.6%
starvin'
17.9%
replayin'
12.5%
Remove Ads.
Support Sporcle.
Get the best of Sporcle when you Go Orange. This ad-free experience offers more features, more stats, and more fun while also helping to support Sporcle. Thank you for becoming a member.

You're not logged in!

Compare scores with friends on all Sporcle quizzes.
OR
Log In

Show Comments

Extras

Top Quizzes Today


Score Distribution

Your Account Isn't Verified!

In order to create a playlist on Sporcle, you need to verify the email address you used during registration. Go to your Sporcle Settings to finish the process.

Report this User

Report this user for behavior that violates our Community Guidelines.

Details: